• 首页
  • 本馆介绍
  • 公告通知
  • 最新文献
  • 馆藏检索
  • 电子资源
  • 读者导购
  • 参考咨询
  • 我的图书馆
  • 登录
  • 详细信息显示
  • 放入我的书架
  • 预约/预借图书
  • 作者相关作品
  • 分类相关作品
  • 丛书相关作品
  • 出版社相关作品

书目信息

  • 表格格式
  • 工作单格式
  • 卡片格式
题名:
基本粒子译文集
    
 
作者: ;中国科学技术情报研究所重庆分所 编辑
分册: 第三集   量子色动力学
出版信息: 重庆   科学技术文献出版社重庆分社  1980
页数: 238页
开本: 26cm
丛书名:
单 册:
中图分类: O572.2
科图分类:
主题词: 基本粒子--文集
电子资源:
ISBN:
000 00675nam0 2200205 45
001 0180006541
005 20060731160557.57
010    @dCNY1.50
100    @a19960215d1980 em y0chiy0121 ea
101 0  @achi
102    @aCN@b510000
105    @ay z 000yy
200 10 @a基本粒子译文集@Aji ben li zi yi wen ji@h第三集@i量子色动力学@f中国科学技术情报研究所重庆分所编辑
210    @a重庆@c科学技术文献出版社重庆分社@d1980
215    @a238页@d26cm
606    @a基本粒子@x文集
690    @aO572.2@v3
711 02 @a中国科学技术情报研究所重庆分所@Azhong guo ke xue ji shu qing bao yan jiu suo chong qing fen suo@4编辑
801  0 @aCN@bTSSF@c20060731
905    @a10447@dO572.2@e19:3
    
    基本粒子译文集.第三集.量子色动力学/中国科学技术情报研究所重庆分所编辑.-重庆:科学技术文献出版社重庆分社,1980
    238页;26cm
    
    
    ISBN :CNY1.50
    
●
相关链接 在E读中查询图书 在五车中查询图书 在当当中查询图书 在豆瓣中查询图书


正题名:基本粒子译文集     索取号:O572.2/19:3         预约/预借

序号 登录号 条形码 馆藏地/架位号 状态 备注
1 0434111   204341113   密集书库/ [索取号:O572.2/19:3] 在馆    
唐山师范学院图书馆 欢迎您!
大连网信软件有限公司© 版权所有